000 00287nam a2200085Ia 4500
008 170620s9999 xx 000 0 und d
100 _aReddy- G. Lokanadha
245 0 _aEncyclopedia of Special Education- Language disorders and intervention strategie
260 _bNew Delhi- Discovery Publishing House
260 _c2006
999 _c24384
_d24384